Victorinus’ Soteriology as a Philosophical, Theological and Exegetical Project

Recent studies of Victorinus by Stephen Andrew Cooper, Ellen Scully, Lenka Karfíková and Werner Steinmann have highlighted the need to read the philosophical treatises more closely alongside explicitly theological and exegetical work. But the approach of these authors reflects significantly divergen...

Full description

Saved in:  
Bibliographic Details
Main Author: Helleman, Wendy E. 1945- (Author)
Format: Electronic Article
Language:English
Check availability: HBZ Gateway
Interlibrary Loan:Interlibrary Loan for the Fachinformationsdienste (Specialized Information Services in Germany)
Published: 2022
In: Vigiliae Christianae
Year: 2022, Volume: 76, Issue: 3, Pages: 239-280
Further subjects:B Soul music
B Incarnation
B Platonism
B Physicalism
B Logos
B universal
Online Access: Volltext (lizenzpflichtig)
Volltext (lizenzpflichtig)

MARC

LEADER 00000caa a22000002c 4500
001 1807168557
003 DE-627
005 20230201140428.0
007 cr uuu---uuuuu
008 220617s2022 xx |||||o 00| ||eng c
024 7 |a 10.1163/15700720-12341475  |2 doi 
035 |a (DE-627)1807168557 
035 |a (DE-599)KXP1807168557 
040 |a DE-627  |b ger  |c DE-627  |e rda 
041 |a eng 
084 |a 1  |2 ssgn 
100 1 |e VerfasserIn  |0 (DE-588)129625337  |0 (DE-627)475212150  |0 (DE-576)297754831  |4 aut  |a Helleman, Wendy E.  |d 1945- 
109 |a Helleman, Wendy E. 1945-  |a Helleman, Wendy Elgersma 1945-  |a Helleman-Elgersma, Wypkje 1945-  |a Helleman, Wendy 1945- 
245 1 0 |a Victorinus’ Soteriology as a Philosophical, Theological and Exegetical Project 
264 1 |c 2022 
336 |a Text  |b txt  |2 rdacontent 
337 |a Computermedien  |b c  |2 rdamedia 
338 |a Online-Ressource  |b cr  |2 rdacarrier 
520 |a Recent studies of Victorinus by Stephen Andrew Cooper, Ellen Scully, Lenka Karfíková and Werner Steinmann have highlighted the need to read the philosophical treatises more closely alongside explicitly theological and exegetical work. But the approach of these authors reflects significantly divergent goals, from reading his work to defend an almost Lutheran emphasis on sola fide, or rather differently, in terms of a ‘physicalist’ approach on universal implications of Christ’s role as Logos. Appreciating the work of Cooper and Karfíková, the present treatment is focused on a recent article by Scully, questioning her understanding of Victorinus on the interconnection of cosmology and soteriology to present the human Christ in terms of a Platonic form. 
601 |a Soteriologie 
601 |a Philosophie 
601 |a Theologe 
650 4 |a Platonism 
650 4 |a Soul 
650 4 |a universal 
650 4 |a Logos 
650 4 |a Incarnation 
650 4 |a Physicalism 
773 0 8 |i Enthalten in  |t Vigiliae Christianae  |d Leiden : Brill, 1947  |g 76(2022), 3, Seite 239-280  |h Online-Ressource  |w (DE-627)341344354  |w (DE-600)2067144-1  |w (DE-576)10051779X  |x 1570-0720  |7 nnas 
773 1 8 |g volume:76  |g year:2022  |g number:3  |g pages:239-280 
856 4 0 |u https://doi.org/10.1163/15700720-12341475  |x Resolving-System  |z lizenzpflichtig  |3 Volltext  |7 1 
856 4 0 |u https://brill.com/view/journals/vc/76/3/article-p239_1.xml  |x Verlag  |z lizenzpflichtig  |3 Volltext  |7 1 
935 |a mteo 
951 |a AR 
ELC |a 1 
ITA |a 1  |t 1 
LOK |0 000 xxxxxcx a22 zn 4500 
LOK |0 001 4151532137 
LOK |0 003 DE-627 
LOK |0 004 1807168557 
LOK |0 005 20230201140428 
LOK |0 008 220617||||||||||||||||ger||||||| 
LOK |0 035   |a (DE-Tue135)IxTheo#2022-06-16#DE3992CD6E0C1316B1C120F928CCC1CBE2C938D5 
LOK |0 040   |a DE-Tue135  |c DE-627  |d DE-Tue135 
LOK |0 092   |o n 
LOK |0 852   |a DE-Tue135 
LOK |0 852 1  |9 00 
LOK |0 935   |a ixzs  |a zota 
LOK |0 939   |a 17-06-22  |b l01 
ORI |a SA-MARC-ixtheoa001.raw 
STA 0 0 |a Logos,Soul music 
STB 0 0 |a Logos,Soul music 
STC 0 0 |a Logos,Música soul 
STD 0 0 |a Logos,Soul,Soul 
STE 0 0 |a 逻各斯,道 
STF 0 0 |a 邏各斯,道,靈魂樂 
STG 0 0 |a Logos,Música soul 
STH 0 0 |a Логос,Слово,Соул 
STI 0 0 |a Λόγος,Σόουλ 
SYE 0 0 |a Zeitschrift für deutsche Kulturphilosophie